000 01003cam a22002411i 4500
003 SA-RiAUC
005 20240917133503.0
008 240909s1963 ua g 00000 ara c
040 _aSA-RiAUC
_bara
_cSA-RiAUC
_erda
082 0 4 _a258.2
_qSA-RiAUC
090 _a258.2
_bر ب ا
100 1 _aالرباطابي، محمد سعد بن عبد الله،
_dتوفي بعد 1375 هجري
_eمؤلف.
245 1 2 _aالمقدمات الزكية في العقائد وفقه المالكية /
_cمحمد سعد بن عبد الله الرباطاني التجاني المالكي.
250 _aالطبعة الأولى.
264 1 _aالقاهرة :
_bمكتبة مصطفى البابي الحلبي،
_c1963
300 _a399 صفحة ؛
_c22 سم
336 _aنص
_btxt
_2rdacontent
_3كتاب
337 _aبدون وسيط
_bn
_2rdamedia
338 _aمجلد
_bnc
_2rdacarrier
650 7 _aالفقه المالكي
_2aucsh
942 _2ddc
_cBOOK
949 _aSA-JeALM
_d240909
_umohamedma123
_n1
999 _c131
_d131